000 00710nam a22002297a 4500
001 00028753
005 20260413101633.0
008 260413b ag ||||| |||| 00| 0 spa d
020 _a9789870416715
040 _aAR-CcCEOS
_bspa
_cAR-CcCEOS
041 _aspa
080 _a504(035)
090 _bECO v.14
245 _aLa enciclopedia del estudiante :
_becología /
_cLaura Pergóla
250 _a1ª ed.
264 _aBuenos Aires :
_bAguilar,
_c2011.
300 _av. 14, 320 p. ;
_c28x20 cm.
490 _vLa enciclopedia del Estudiante ; 14
655 0 _aenciclopedias
_vmaterial auxiliar para la enseñanza
_91047
942 _2udc
_cBK
_n0
999 _c28788
_d28788